• 首页
  • 本馆介绍
  • 公告通知
  • 最新文献
  • 馆藏检索
  • 电子资源
  • 读者导购
  • 参考咨询
  • 我的图书馆
  • 登录
  • 详细信息显示
  • 放入我的书架
  • 预约/预借图书
  • 作者相关作品
  • 分类相关作品
  • 丛书相关作品
  • 出版社相关作品

书目信息

  • 表格格式
  • 工作单格式
  • 卡片格式
题名:
司马相如文选译
    
 
作者: 司马相如 著 ;费振刚 , 仇仲谦 译注
分册:  
出版信息: 成都   巴蜀书社  1991
页数: 120页
开本: 19cm
丛书名: 古代文史名著选译丛书
单 册:
中图分类: I222.4 , I211
科图分类:
主题词: 汉赋--中国--选集 , 文学--作品集--中国
电子资源:
ISBN: 7-80523-358-6
000 00918nam2 2200289 450
001 1538037727
005 20150125103443.26
010    @a7-80523-358-6@dCNY2.80
100    @a20021005d1991 em y0chiy0110 ea
101 0  @achi
102    @aCN@b510000
105    @ay zr 000cy
200 1  @a司马相如文选译@9si ma xiang ru wen xuan yi@f(汉)司马相如著@g费振刚,仇仲谦译注
210    @a成都@c巴蜀书社@d1991
215    @a120页@d19cm
225 2  @a古代文史名著选译丛书@i先秦两汉@f章培恒等主编
300    @a国家教委古籍整理“七·五”规划重点项目
461  0 @12001 @a古代文史名著选译丛书
606 0  @a汉赋@y中国@x选集
606 0  @a文学@x作品集@x中国
690    @aI222.4@v5
690    @aI211@v4
701  0 @c(汉)@a司马相如@9si ma xiang ru@f(前179~前118)@4著
702  0 @a费振刚@9fei zhen gang@4译注
702  0 @a仇仲谦@9chou zhong qian@f(1944~)@4译注
801  0 @aCN@bTSSF@c20150125
905    @aZUCC@dI211@eJY62
    
    司马相如文选译/(汉)司马相如著/费振刚,仇仲谦译注.-成都:巴蜀书社,1991
    120页;19cm.-(古代文史名著选译丛书.先秦两汉/章培恒等主编)
    国家教委古籍整理“七·五”规划重点项目
    
    ISBN 7-80523-358-6:CNY2.80
    
●
相关链接 在E读中查询图书 在五车中查询图书 在当当中查询图书 在豆瓣中查询图书


正题名:司马相如文选译     索取号:I211/JY62         预约/预借

序号 登录号 条形码 馆藏地/架位号 状态 备注
1 7853940   278539404   学院路分馆/ [索取号:I211/JY62] 在馆    
2 7853941   278539413   学院路分馆/ [索取号:I211/JY62] 在馆    
唐山师范学院图书馆 欢迎您!
大连网信软件有限公司© 版权所有